1623 1268 1562 1517 1404 1687 1003 1887 1442 1919 1475 1589 1516 1419 1167 1264 1659 1025 1773 1588 1101 1594 1647 1428 1746 1005 1788 1912 1778 1333 1751 1734 1129 1631 1302 1078 1493 1509 1151 1229 1284 1118 1830 1375 1360 1552 1305 1522 1045 1336 1371 1753 1086 1005 1199 1135 1470 1556 1283 1907 1639 1756 1745 1378 1429 1138 1129 1666 1153 1453 1907 1837 1842 1676 1324 1770 1041 1906 1802 1576 1998 1032 1606 1342 1369 1111 1384 1652 1341 1352 1911 1627 1646 1738 1816 1679 1027 1940 1409 BCNSPRNW ULIB Ver.6.0+V

เปลี่ยนเป็นภาษาไทย

Change to English
 แสดงรายละเอียดบรรณานุกรม
  กลับหน้าหลัก

Brief Record : Get Marc (ISO 2709) : E-mail record : QR code < ปิดหน้าต่าง
LEADER : 00000nam 2200000uu 4500
001    13399121279
003     ULIB
008    121114s2552||||th 000 0 tha d
020    ^a9786167276045
050 04 ^aPE1130^bว734ฝ 2552
100 0  ^aวิไลลักษณ์ ใจกว้าง
245 10 ^aฝึกอ่านภาษาอังกฤษซะให้เก็ท ฉบับฝึกอ่านภาษาอังกฤษจาก The 7 wonders of the world /^cวิไลลักษณ์ ใจกว้าง
260    ^aกรุงเทพฯ :^bMinibear,^c2552
300    ^a170 หน้า :^bภาพประกอบ ;^c21 ซม
505 2  ^aซีเชน อิตซ่า : นครแห่งชาวมายา ประเทศเม็กซิโก -- ไครสต์ เดอะรีดีมเมอร์ : อ้อมกอดที่ยิ่งใหญ่จากพระผู้เป็นเจ้าเมืองริโอ เดอ จาเนโร ประเทศบราซิล -- โคลอสเซียม : จุดเริ่มต้นแห่งการรบที่ยิ่งใหญ่ ประเทศอิตาลี -- กำแพงเมืองจีน : เรื่องเล่าที่แสนยาวนานจากอดีต ประเทศจีน -- มาชู ปิกชู : นครสาบสูญของชาวอินคา ประเทศเปรู -- เปตรา : ศิลานครที่สาบสูญ ประเทศจอร์แดน -- ทาจ มาฮาล : อนุสรณ์แห่งรักนิรันดร์ ประเทศอินเดีย -- มหาปิรามิดกีซ่า : สิ่งมหัศจรรย์ชั้นเลิศแห่งโลกโบราณ ประเทศอิยิปต์
650  7 ^aภาษาอังกฤษ^xการอ่าน
650  7 ^aภาษาอังกฤษ^xไวยากรณ์
945    ^p155^l0^i18082
995    ^aกัณชพร
999 ^a กัณชพร
รายการนี้ยังไม่มีแท็ก
คุณยังไม่ได้ล็อกอิน คุณสามารถมีกิจกรรมร่วมกับเว็บไซต์ได้ แต่ต้องล็อกอินก่อน ::
  ล็อกอิน

รายการสื่อสารสนเทศ

ลำดับที่ ประเภท เลขเรียก/บาร์โค้ด สถานที่ สถานะ
1. วิทยาศาสตร์การแพทย์ และสุขภาพ
วิทยาศาสตร์การแพทย์ และสุขภาพ
PE1130 ว734ฝ 2552  
  Barcode: 18082
ห้องสมุดวิทยาเขตสวรรค์ประชารักษ์
►หนังสือทั่วไป
บนชั้น

รายการใกล้เคียง
    ผู้แต่ง [วิไลลักษณ์ ใจกว้าง]

BibComment


ยังไม่เคยถูกคอมเมนท์

คอมเมนท์ทรัพยากรรายการนี้
  คอมเมนท์: ฝึกอ่านภาษาอังกฤ..


 Copyright 2026. Bcnsprnw @Library